Khảo sát nhu cầu học và sử dụng ngoại ngữ trên địa bàn thành phố Cần Thơ và khu vực lân cận trong bối cảnh Việt Nam tham gia cộng đồng kinh tế ASEAN : Báo cáo tổng kết đề tài Khoa học và Công nghệ cấp trường

Trình bày kết quả khảo sát nhu cầu học ngoại ngữ trên địa bàn Thành phố Cần Thơ và khu vực lân cận nhằm cung cấp thông tin dự báo các xu thế phát triển của việc học và sử dụng ngoại ngữ trong bối cảnh vùng Đồng bằng sông Cửu Long nói c...

Disgrifiad llawn

Wedi'i Gadw mewn:
Manylion Llyfryddiaeth
Prif Awdur: Lưu, Nguyễn Quốc Hưng
Fformat: Llyfr
Iaith:Undetermined
Cyhoeddwyd: Cần Thơ Trường Đại học Cần Thơ 2017
Pynciau:
Tagiau: Ychwanegu Tag
Dim Tagiau, Byddwch y cyntaf i dagio'r cofnod hwn!
Thư viện lưu trữ: Trung tâm Học liệu Trường Đại học Cần Thơ
LEADER 01473nam a2200229Ia 4500
001 CTU_230102
008 210402s9999 xx 000 0 und d
082 |a 428.007 
082 |b H556 
088 |a T2016-102 
100 |a Lưu, Nguyễn Quốc Hưng 
245 0 |a Khảo sát nhu cầu học và sử dụng ngoại ngữ trên địa bàn thành phố Cần Thơ và khu vực lân cận trong bối cảnh Việt Nam tham gia cộng đồng kinh tế ASEAN : 
245 0 |b Báo cáo tổng kết đề tài Khoa học và Công nghệ cấp trường 
245 0 |c Lưu Nguyễn Quốc Hưng (Chủ nhiệm đề tài) 
260 |a Cần Thơ 
260 |b Trường Đại học Cần Thơ 
260 |c 2017 
520 |a Trình bày kết quả khảo sát nhu cầu học ngoại ngữ trên địa bàn Thành phố Cần Thơ và khu vực lân cận nhằm cung cấp thông tin dự báo các xu thế phát triển của việc học và sử dụng ngoại ngữ trong bối cảnh vùng Đồng bằng sông Cửu Long nói chung và Thành phố Cần Thơ đang hội nhập sâu rộng trong khu vực và quốc tế. 
650 |a Tiếng Anh,English language 
650 |x Dạy và học,Study and teaching 
910 |b nthai 
980 |a Trung tâm Học liệu Trường Đại học Cần Thơ